|
|
|
|
| LEADER |
00000nab a2200000 a 4500 |
| 001 |
vtls008982289 |
| 003 |
SK-MaSNL |
| 005 |
20260304231139.0 |
| 008 |
250505c2007 xo |||||||||||000 b|slo |
| 015 |
|
|
|a SNBRB2007/04
|2 snkbucl
|
| 035 |
|
|
|a (sysno)vtls008982289
|
| 035 |
|
|
|a urn:nbn:sk:snk-ab732d
|
| 035 |
|
|
|a (uuid)d2299c81-e53f-4b7a-a49f-0780659f7f73
|
| 035 |
|
|
|a (urnnbn)urn:nbn:sk:snk:ar-a06r7h
|
| 038 |
|
|
|a SNKBUCL
|
| 040 |
|
|
|a SNKBUCL
|b slo
|c SNKBUCL
|e AACR2
|
| 041 |
0 |
|
|a slo
|b eng
|b slo
|
| 044 |
|
|
|a xo
|c SK
|
| 080 |
|
|
|a 669.14-427.4:004.9:658.512.2
|2 1997
|
| 080 |
|
|
|a 658.512.2
|2 1997
|
| 080 |
|
|
|a 62-427.4
|2 1997
|
| 080 |
|
|
|a 004.9:658.512.2
|2 1997
|
| 080 |
|
|
|a 519.63
|2 1997
|
| 100 |
1 |
|
|a Molnár, Vieroslav
|4 aut
|9 310798
|
| 245 |
1 |
0 |
|a Možnosti využitia CAD programov pri návrhu a analýze oceľového lana
|c Vieroslav Molnár, Gabriel Fedorko
|
| 246 |
3 |
1 |
|a Possibilities of CAD programs exploitation by steel rope design and analysis
|
| 300 |
|
|
|b Obr., sch.
|
| 504 |
|
|
|a Bibliogr. odkazy
|
| 546 |
|
|
|a Res. angl., slov.
|
| 650 |
0 |
7 |
|a oceľové laná
|2 snkbucl
|9 292612
|
| 650 |
0 |
7 |
|a navrhovanie
|2 snkbucl
|9 278395
|
| 650 |
0 |
7 |
|a počítačové modelovanie
|2 snkbucl
|9 68153
|
| 650 |
0 |
7 |
|a metóda konečných prvkov
|2 snkbucl
|9 15028
|
| 650 |
0 |
7 |
|a CAD softvér
|2 snkbucl
|9 67618
|
| 700 |
1 |
|
|a Fedorko, Gabriel
|4 aut
|9 274729
|
| 773 |
0 |
|
|t Výrobné inžinierstvo = Manufacturing engineering
|g Roč. VI, č. 1 (2007), s. 40-42 a 65
|x 1335-7972
|
| 850 |
|
|
|a Slovenská národná knižnica
|
| 852 |
|
|
|a Slovenská národná knižnica
|
| 954 |
|
|
|a odborná, vedecká literatúra pôvodná (slovenská)
|2 lita
|
| 958 |
|
|
|a article27
|
| 958 |
|
|
|a NB
|
| 958 |
|
|
|a OND
|
| 958 |
|
|
|a EUIPO
|
| 999 |
|
|
|c 3187236
|d 3189166
|